[Event "POL-chT 46th prel"]
[Site "Bydgoszcz"]
[Date "1990.09.20"]
[Round "5"]
[White "Pyda, Zbigniew"]
[Black "Gorniak, Tomasz"]
[Result "1-0"]
[WhiteElo "2350"]
[BlackElo "2245"]
[PlyCount "160"]
[EventDate "1990.09.16"]
[EventType "team-swiss"]
[EventRounds "6"]
[EventCountry "POL"]
[SourceTitle "EXT 2019"]
[Source "ChessBase"]
[SourceDate "2018.10.10"]
[SourceVersion "1"]
[SourceVersionDate "2018.10.10"]
[SourceQuality "1"]
[WhiteTeam "Lublin Start"]
[BlackTeam "Lebork Levino"]
[WhiteTeamCountry "POL"]
[BlackTeamCountry "POL"]

1. e4 Nf6 2. e5 Nd5 3. d4 d6 4. Nf3 Bg4 5. Be2 e6 6. 0-0 Be7 7. c4 Nb6 8. Nc3 0-0 9. Be3 Nc6 10. exd6 cxd6 11. b3 d5 12. c5 Bxf3 13. Bxf3 Nc8 14. b4 Bf6 15. b5 Na5 16. Be2 Ne7 17. Bd3 g6 18. Qf3 Bg7 19. Ne2 Qd7 20. Rab1 Rac8 21. Rfc1 Nf5 22. a4 Nxe3 23. Qxe3 Rfd8 24. f4 Qe7 25. Qd2 b6 26. Kh1 Nb7 27. cxb6 axb6 28. Rc6 Ra8 29. Qc2 Rd6 30. Rc1 Na5 31. Rc7 Rd7 32. Rc3 Bf8 33. g3 Qd8 34. Ng1 Bb4 35. Rc8 Rxc8 36. Qxc8 Qxc8 37. Rxc8+ Kg7 38. Nf3 Bd6 39. Ne5 Bxe5 40. dxe5 Rb7 41. Kg2 Nb3 42. Bc2 Nd4 43. Bd1 Nf5 44. Kf3 h5 45. Rc3 Rd7 46. Ke2 Ne7 47. Kd2 Kf8 48. Ra3 Ra7 49. Kc3 Ke8 50. Kb4 Ra5 51. Bc2 Kd7 52. h3 Kc8 53. g4 hxg4 54. hxg4 Ra7 55. Rh3 Rc7 56. Bb3 g5 57. Rh8+ Kb7 58. f5 exf5 59. gxf5 Rd7 60. e6 fxe6 61. fxe6 Rc7 62. Rh5 Rc8 63. Rxg5 Kc7 64. Bxd5 Rf8 65. Bb3 Rf3 66. Rh5 Rg3 67. Rh8 Rg7 68. Ka3 Rg3 69. Rf8 Re3 70. Rf1 Re5 71. Rc1+ Kb7 72. Rd1 Nf5 73. Rd7+ Kc8 74. Rd5 Rxd5 75. Bxd5 Kc7 76. Kb4 Kd6 77. Ba2 Nd4 78. a5 Nc2+ 79. Ka4 bxa5 80. Kxa5 Nd4 1-0

[Event "POL-chT 46th prel"]
[Site "Bydgoszcz"]
[Date "1990.09.18"]
[Round "3"]
[White "Sulypa, Oleksandr"]
[Black "Gorniak, Tomasz"]
[Result "1-0"]
[WhiteElo "2345"]
[BlackElo "2245"]
[PlyCount "144"]
[EventDate "1990.09.16"]
[EventType "team-swiss"]
[EventRounds "6"]
[EventCountry "POL"]
[SourceTitle "EXT 2019"]
[Source "ChessBase"]
[SourceDate "2018.10.10"]
[SourceVersion "1"]
[SourceVersionDate "2018.10.10"]
[SourceQuality "1"]
[WhiteTeam "Swidnik Avia"]
[BlackTeam "Lebork Levino"]
[WhiteTeamCountry "POL"]
[BlackTeamCountry "POL"]

1. e4 c6 2. d4 g6 3. Nc3 Bg7 4. Nf3 Nf6 5. h3 0-0 6. Be2 Na6 7. 0-0 Nc7 8. Be3 d5 9. e5 Nfe8 10. Qd2 f6 11. Bh6 Ne6 12. Bxg7 N8xg7 13. exf6 exf6 14. Bd3 Qd6 15. Ne2 Nh5 16. Rfe1 Bd7 17. g3 Rae8 18. a3 Rf7 19. Kg2 Rfe7 20. h4 Nf8 21. Nc3 Ng7 22. Rxe7 Rxe7 23. Rh1 Bg4 24. Nh2 Bf5 25. Bxf5 Nxf5 26. Nf3 Qd7 27. Qf4 Ne6 28. Qb8+ Nd8 29. Qxa7 Nd6 30. Qa8 Ne4 31. Re1 Re8 32. Qa5 Nf7 33. Qb4 Nfd6 34. Nxe4 Nxe4 35. Nd2 Kg7 36. f3 Nd6 37. Rxe8 Nxe8 38. Nf1 Nd6 39. b3 Qe6 40. Qd2 Nf5 41. a4 Qd6 42. Kh3 c5 43. dxc5 Qxc5 44. g4 Nd6 45. c3 Qg1 46. Ng3 Qc5 47. Qd4 Qxd4 48. cxd4 Kf7 49. Kg2 Ke6 50. Kf2 Ne8 51. Ke3 Nc7 52. Ne2 g5 53. h5 f5 54. Nc3 fxg4 55. fxg4 Ne8 56. a5 Nf6 57. Kf3 Kd6 58. b4 Ne8 59. b5 Nc7 60. Ke3 Ne6 61. Na4 Nc7 62. Nc5 Nxb5 63. Nxb7+ Kd7 64. Nc5+ Kd6 65. a6 h6 66. Nd3 Kd7 67. Nb4 Kd6 68. Kd3 Na7 69. Kd2 Nb5 70. Ke3 Na7 71. Nd3 Kc7 72. Ne5 Kb6 1-0